000 00596nam a2200229Ia 4500
003 OSt
005 20220918175742.0
006 a|||||r|||| 00| 0
007 ta
008 220917b |||||||| |||| 00| 0 eng d
024 _a18,775
037 _cTextual
040 _aARTS
_cARTS
_beng
041 _2eng
_aeng
082 _aO:2J64w, F0;F0;F5
100 _aAdams Joseph Quincy
_954809
245 0 _aLife of William Shakespeare
260 _c1920
650 _aENGLISH LITERATURE
942 _hO:2J64w, F0;F0;F5
_cTEXL
_2CC
999 _c158869
_d158869